<?xml version="1.0" encoding="UTF-8"?><marc:collection xmlns:marc="http://www.loc.gov/MARC21/slim">
  <marc:record>
    <marc:leader>00000nas##2200000za#4500</marc:leader>
    <marc:controlfield tag="001">9.505195</marc:controlfield>
    <marc:controlfield tag="003">CaOODSP</marc:controlfield>
    <marc:controlfield tag="005">20200813121813</marc:controlfield>
    <marc:controlfield tag="007">cr |||||||||||</marc:controlfield>
    <marc:controlfield tag="008">150406c2007||||xxc|| p o||||f|   |0eng|d</marc:controlfield>
    <marc:datafield tag="022" ind1=" " ind2=" ">
      <marc:subfield code="a">1914-2005</marc:subfield>
    </marc:datafield>
    <marc:datafield tag="040" ind1=" " ind2=" ">
      <marc:subfield code="a">CaOODSP</marc:subfield>
      <marc:subfield code="b">eng</marc:subfield>
    </marc:datafield>
    <marc:datafield tag="043" ind1=" " ind2=" ">
      <marc:subfield code="a">n-cn---</marc:subfield>
    </marc:datafield>
    <marc:datafield tag="086" ind1="1" ind2=" ">
      <marc:subfield code="a">CS12-003E-HTML</marc:subfield>
    </marc:datafield>
    <marc:datafield tag="245" ind1="0" ind2="0">
      <marc:subfield code="a">North American product classification system (NAPCS) - Canada </marc:subfield>
      <marc:subfield code="h">[electronic resource]</marc:subfield>
    </marc:datafield>
    <marc:datafield tag="260" ind1=" " ind2=" ">
      <marc:subfield code="a">Ottawa - Ontario : </marc:subfield>
      <marc:subfield code="b">Statistics Canada </marc:subfield>
      <marc:subfield code="c">June 2007 --.</marc:subfield>
    </marc:datafield>
    <marc:datafield tag="310" ind1=" " ind2=" ">
      <marc:subfield code="a">Irregular</marc:subfield>
    </marc:datafield>
    <marc:datafield tag="362" ind1="1" ind2=" ">
      <marc:subfield code="a">[Provisional version 0.1] --</marc:subfield>
    </marc:datafield>
    <marc:datafield tag="520" ind1="3" ind2=" ">
      <marc:subfield code="a">Will be a departmental standard for the classification of products. The classification is a joint project of the national statistical agencies of Canada, Mexico and the United States. As a product classification, NAPCS will typically be used to classify the detailed revenues and expenses of businesses, governments and households, except those involving taxes, transfers, or income.</marc:subfield>
    </marc:datafield>
    <marc:datafield tag="690" ind1="0" ind2="7">
      <marc:subfield code="a">Classification</marc:subfield>
      <marc:subfield code="2">gcpds</marc:subfield>
    </marc:datafield>
    <marc:datafield tag="710" ind1="2" ind2=" ">
      <marc:subfield code="a">Statistics Canada.</marc:subfield>
    </marc:datafield>
    <marc:datafield tag="775" ind1="0" ind2="8">
      <marc:subfield code="t">Système de classification des produits de l'Amérique du Nord (SCPAN) - Canada </marc:subfield>
      <marc:subfield code="w">(CaOODSP)9.501595</marc:subfield>
    </marc:datafield>
  </marc:record>
</marc:collection>
